| 000 -LEADER |
| fixed length control field |
nam a22 7a 4500 |
| 005 - DATE AND TIME OF LATEST TRANSACTION |
| control field |
20170809023633.0 |
| 008 - FIXED-LENGTH DATA ELEMENTS--GENERAL INFORMATION |
| fixed length control field |
170809b xxu||||| |||| 00| 0 eng d |
| 020 ## - IDENTIFIER FOR THE MANIFESTATION |
| Identifier for the Manifestation |
9789712721144 |
| Binding |
paperback |
| 040 ## - CATALOGING SOURCE |
| Language of Cataloging |
eng |
| Transcribing Agency |
APEC Schools Library |
| Description Conventions |
rda |
| 082 ## - DEWEY DECIMAL CLASSIFICATION NUMBER |
| Classification number |
F 361.37 |
| Author's Number |
H192 2008 |
| 110 ## - CREATOR (CORPORATE BODY) |
| Signatory to a Treaty, etc./Preferred Name/Location of Headquarters |
Hands On Manila Foundation |
| 245 ## - TITLE AND STATEMENT OF RESPONSIBILITY |
| Preferred Title Proper |
Be hands on! : |
| Remainder of Title |
inspiring volunteer stories / |
| Statement of Responsibility/Parallel Statement of Responsibility |
Hands On Manila Foundation |
| 264 ## - PUBLICATION STATEMENT |
| Place of publication, distribution, etc |
Pasig City, PH : |
| Publisher's Name/Parallel Publisher's Name |
Anvil Publishing , |
| Copyright |
©2008 |
| Date of Publication |
[2008] |
| 300 ## - PHYSICAL DESCRIPTION |
| Extent |
181 pages : |
| Illustrative Content |
illustrations ; |
| Dimensions |
22 cm |
| 336 ## - RDA CONTENT |
| Source |
rdacontent |
| Content Type |
text |
| 337 ## - RDA MEDIA |
| Source |
rdamedia |
| Media Type |
unmediated |
| 338 ## - RDA CARRIER |
| Source |
rdacarrier |
| Carrier Type |
volume |
| 650 ## - ADDED SUBJECT ACCESS POINT - TOPICAL TERM |
| Topical Term |
Volunteer workers in social service |
| Preferred Name for the Place |
Philippines |
| 650 ## - ADDED SUBJECT ACCESS POINT - TOPICAL TERM |
| Topical Term |
Volunteers |
| Preferred Name for the Place |
Philippines |
| 650 ## - ADDED SUBJECT ACCESS POINT - TOPICAL TERM |
| Topical Term |
Voluntarism |
| Preferred Name for the Place |
Philippines |
| 942 ## - ADDED ENTRY ELEMENTS (KOHA) |
| Source of Classification |
|
| Koha Item Type |
Books |